Maltrato infantil. (Registro nro. 886)

Detalles MARC
000 -LEADER
fixed length control field 01118nam a2200277 a 4500
008 - CAMPO DE CONTROL (LIBRO)
fixed length control field 110811s1999 ag f 001 0 spa
020 ## - INTERNATIONAL STANDARD BOOK NUMBER
ISBN 98709553209
041 ## - CODIGO DE IDIOMA
Código de idioma del texto/pista de sonido o título separado spa
092 ## - SIGNATURA TOPOGRAFICA DEWEY LOCAL
número de clasificación 362.76
libristica 6
sección BEC
100 1# - ENTRADA PRINCIPAL--NOMBRE PERSONAL
Nombre personal Becher de Goldberg, Diana
9 (RLIN) 737
245 ## - TITULO PROPIAMENTE DICHO
Título Maltrato infantil.
Subtítulo y Título paralelo Una deuda con la niñez /
Mención de responsabilidad y remanente de la transcripción de la portada Diana Becher de Goldberg
250 ## - MENCION DE EDICION
Mención de edición 2a ed. ampliada y actualizada
Mención de responsabilidad relacionada con la ed. Prólogo Carlos Gianantonio
260 ## - PIE DE IMPRENTA
Lugar de publicación, distribución, etc Buenos Aires:
Nombre de la editorial, distribuidor, etc Urbano;
Fecha de publicación 1999.
300 ## - DESCRIPCION FISICA
Extension 254 p.
500 ## - NOTA GENERAL
Nota general Becher de Goldberg, D. y Kuperman de Kuitca, M. (1999). Maltrato infantil. Una deuda con la niñez. (2a ed.). Buenos Aires : Editor Urbano.<br/>
590 ## - NOTAS LOCALES (RLIN)
Nota local Donación Dr. Vera, 19/04/2011
653 ## - TÉRMINO INDIZADO - PALABRAS CLAVES
Palabra clave Estadísticas del programa de atención de niños y adolescentes maltratados de la secretaría de salud pública
653 ## - TÉRMINO INDIZADO - PALABRAS CLAVES
Palabra clave Daño a los niños a través de la historia
653 ## - TÉRMINO INDIZADO - PALABRAS CLAVES
Palabra clave Agresión y violencia
653 ## - TÉRMINO INDIZADO - PALABRAS CLAVES
Palabra clave Síndrome Battered Child
653 ## - TÉRMINO INDIZADO - PALABRAS CLAVES
Palabra clave Prevención y tratamiento
653 ## - TÉRMINO INDIZADO - PALABRAS CLAVES
Palabra clave Abuso sexual
653 ## - TÉRMINO INDIZADO - PALABRAS CLAVES
Palabra clave Interdisciplina y redes
700 1# - ENTRADAS SECUNDARIAS - NOMBRE PERSONAL
Nombre personal Kuperman de Kuitca, María
9 (RLIN) 738
942 ## - ADDED ENTRY ELEMENTS (KOHA)
Source of classification or shelving scheme Dewey Decimal Classification
Item type Libros
Existencias
Estado de retiro Existencia Fuente de clasificación Estado general No para prestamo Ubicación permanente ubicación actual Sala de ubicación Fecha de adquisición Total Checkouts Número de clasificación Código de barras Date last seen Número de ejemplar Price effective from Koha tipo de elemento (item) Public note
    Dewey Decimal Classification     Biblioteca Medicina Biblioteca Medicina Referencia 11/08/2011   362.76 6 BEC 2270 06/11/2014 ej.1 11/08/2011 Libros LIBRO DE CONSULTA

UNIVERSIDAD NACIONAL DEL COMAHUE
Biblioteca de la Facultad de Ciencias Médicas
Sede Toschi: Los Arrayanes y Av. Toschi, Cipolletti  - Rio Negro
Sede Los Tordos:  Yrigoyen al 2211, Cipolletti - Rio Negro 

Teléfono: 0299 - 4774707 int 25
Contacto: biblioteca@facimed.uncoma.edu.ar
© 2011 - 2026